Wissenstest #1 - Statistiken

Allgemein
  • Dieses Quiz wurde 258 mal gespielt
  • Das Durchschnittsergebnis liegt bei 3 aus 20
Antwortstatistiken
Hint Antwort % Korrekt
In welchem Jahr begann die Französische Revolution? 1789
60%
Fliegt man von Frankreich nach Spanien überfliegt man welche Gebirgskette? Pyrenäen
46%
Wer wählt in Deutschland den Bundespräsidenten? Bundesversammlung
36%
Wie heißt die größte Fluggesellschaft Japans? All Nippon Airways
30%
Die Strecke welches historischen Weges verläuft heute beispielsweise durch Usbekistan? Seidenstraße
28%
Was ist sowohl ein Frauenname, als auch ein russicher Fluss? Lena
25%
Was ist sowohl ein Gemüse, als auch die amerikanisch-englische, herabwertende Bezeichnung für Deutsche? kraut
24%
Mit welchem Schiff kamen die Pilgerväter nach Nordamerika? Mayflower
22%
Die Vertreibung von wem wird auch "Pfad der Tränen" genannt? Indianer
12%
Wer war 2022 für nur wenige Wochen Premierminister vom Vereinigten Königreich? Liz Truss
9%
Ist ein Amt nicht besetzt, wird dieser Zustand wie bezeichnet? Vakanz
7%
Welche italienische Region macht den "Absatz" des Stiefels aus? Apulien
6%
Wie wurde das Bündnis zwischen dem Deutschen Kaiserreich und Österreich-Ungarn im 1. Weltkrieg bezeichnet? Mittelmächte
6%
Der Premierminister welches Landes ging im Meer verschollen? Australien
4%
Welcher ist der bevölkerungsreichste Stadbezirk Münchens? Ramersdorf-Perlach
4%
Wie lautet der Name des Bundes, aus der jeweils nördlichsten, südlichsten, westlichsten und östlichsten Gemeinde/Stadt Deutschlands? Zipfelbund
4%
Auf welcher Halbinsel liegt die Hauptstadt Griechenlands? Attika
3%
Erweitert man Skandinavien um Finnland nennt man die Region auch... Fennoskandinavien
1%
Welche Front kämpft für die Freiheit Westsaharas? Frente Polisario
1%
Wie heißt das Anwesen von Charles Foster Kane im Film "Citizen Kane"? Xanadu
0%
Keine übereinstimmenden Quizze gefunden
Verteilung der Resultate
Anzahl Personen mit jedem Resultat
Perzentil nach korrekt beantworteten Fragen
Ihre Resultats-Entwicklung
Sie haben dieses Quiz noch nicht gespielt